000 00728nam a2200229 i 4500
001 000024596
003 DO-SdBNP
005 20230721095957.0
007 ta
008 110201s1965 dr r 001 0 spa d
040 _aDO-SdBNP
_bspa
_cBNPHU
_erda
082 4 _bB496m 1965
_222
100 _aBergés Bordas, Domingo Octavio,
_92551
_eautor
245 1 0 _aManual del ciudadano en los países libres :
_blecciones de civismo y moral ciudadana /
_cDomingo Octavio Bergés Bordas.
250 _a4a ed.
264 1 _aSanto Domingo :
_bDel Caribe,
_c1965
300 _a194 páginas ;
_c24 cm.
336 _2rdacontent
_atexto
_btxt
337 _2rdamedia
_asin mediación
_bn
338 _2rdacarrier
_avolumen
_bnc
942 _2ddc
_cLBS1
999 _c24089
_d24089